1056 1701 1374 1132 1043 1792 1224 1221 1792 1411 1437 1148 1891 1123 1550 1918 1205 1157 1905 1358 1176 1313 1744 1651 1435 1220 1189 1953 1024 1931 1798 1180 1467 1582 1628 1320 1090 1206 1167 1369 1919 1474 1958 1188 1503 1556 1967 1304 1074 1806 1827 1506 1759 1751 1569 1527 1709 1596 1428 1647 1904 1232 1940 1304 1422 1716 1235 1166 1935 1920 1035 1992 1449 1410 1372 1809 1260 1145 1578 1213 1559 1249 1150 1789 1331 1588 1155 1111 1167 1481 1578 1815 1330 1037 1410 1909 1179 1764 1572 BCNSPRNW ULIB Ver.6.0+V

เปลี่ยนเป็นภาษาไทย

Change to English
 แสดงรายละเอียดบรรณานุกรม
  กลับหน้าหลัก

Brief Record : Get Marc (ISO 2709) : E-mail record : QR code < ปิดหน้าต่าง
LEADER : 00000nam 2200000uu 4500
001    13399114895
003     ULIB
008    120619s2553||||th 000 0 tha d
020    ^a9789749491669
050  4 ^aBF637.S8^bอ598ด ล.1
100 0  ^aอาจอง ชุมสาย ณ อยุธยา
245 10 ^aด้วยรักบันดาล...นิทานสีขาว /^cเล่าเรื่องโดย อาจอง ชุมสาย ณ อยุธยา ;สุพัตรา แซ่ลิ่ม เรียบเรียง ;[บรรณาธิการ อิศวเรศ ตโมนุท]
250    ^aพิมพ์ครั้งที่ 9
260    ^aกรุงเทพฯ :^bฟรีมายด์,^c2553
300    ^a221 หน้า :^bภาพประกอบ
650  4 ^aนิทานสอนใจ
650  4 ^aการดำเนินชีวิต
650  4 ^aความสำเร็จ
650  4 ^aนิทานคติธรรม
700 0  ^aสุพัตรา แซ่ลิ่ม
700 0  ^aอิศวเรศ ตโมนุท,^eบรรณาธิการ
945    ^p185^l0^i032058
995    ^a เกษร
999    ^aใช้งานได้ทุกระบบ
รายการนี้ยังไม่มีแท็ก
คุณยังไม่ได้ล็อกอิน คุณสามารถมีกิจกรรมร่วมกับเว็บไซต์ได้ แต่ต้องล็อกอินก่อน ::
  ล็อกอิน

รายการสื่อสารสนเทศ

ลำดับที่ ประเภท เลขเรียก/บาร์โค้ด สถานที่ สถานะ
- ไม่พบข้อมูล -

รายการใกล้เคียง
    ผู้แต่ง [อาจอง ชุมสาย ณ อยุธยา]

    หัวเรื่อง [นิทานสอนใจ]
    หัวเรื่อง [การดำเนินชีวิต]
    หัวเรื่อง [ความสำเร็จ]
    หัวเรื่อง [นิทานคติธรรม]

BibComment


ยังไม่เคยถูกคอมเมนท์

คอมเมนท์ทรัพยากรรายการนี้
  คอมเมนท์: ด้วยรักบันดาลนิท..


 Copyright 2026. Bcnsprnw @Library